000 01387nam0a22002891 4500
001 rc\4688318
005 20260408003956.0
021 _aRU
_b[60-8547]
035 _a(NLR Aleph) 008711958
090 _a9363901
_c9363901
100 _a20130416d1959 |||y0rusy50 ca
101 0 _arus
102 _aRU
105 _ay z |||||
200 1 _aПравила техники безопасности и производственной санитарии при производстве ацетилена, кислорода и газопламенной обработке металлов
_eУтв. 29/IX 1958 г.
_fЦК Профсоюза рабочих машиностроения
210 _aМосква
_cМашгиз
_d1959
215 _a101 с.
_d20
606 _aПромышленная санитария
_2psbo
606 _aГазопламенная обработка
_xТехника безопасности
_2psbo
606 _aАцетиленовое производство
_xТехника безопасности
_2psbo
606 _aКислородное производство
_xТехника безопасности
_2psbo
712 0 2 _aСоюз рабочих машиностроения СССР
_bЦК
_9832946
_3RU\NLR\AUTH\8810168579
801 0 _aRU
_bNLR
_gpsbo
801 1 _aRU
_bELAR
_2rusmarc
852 _aNLR
_j60-4/1249
942 _cBOOK
980 _aNB